000 00675cam a2200217 4500500
005 20260329010027.0
041 _afre
042 _adc
100 1 0 _aLarmagnac-Matheron, Octave
_eauthor
245 0 0 _aLes éthiques environnementales
260 _c2020.
500 _a83
690 _aAnthropocène
690 _aArne Naess
690 _aÉcologie
690 _aÉcologie profonde
690 _aNature
690 _aVivant
786 0 _nPhilosophie magazine - Hors séries | Hors-série Été 2020 | HS46 | 2020-07-01 | p. 18-18 | 2104-9246
856 4 1 _uhttps://shs.cairn.info/magazine-philosophie-magazine-2020-hs46-page-18?lang=fr&redirect-ssocas=7080
999 _c1848841
_d1848841